Henry A. Wallace, quixotic crusade 1948.

Bibliographic Details
Main Author: Schmidt, Karl M., 1917-2008
Format: Book
Language:English
Published: [Syracuse] : Syracuse University Press, 1960.
Series:Men and movements (Syracuse)
Subjects:

MARC

Tag First Indicator Second Indicator Subfields
LEADER 00000cam a2200000 4500
001 in00000067165
005 20151008051319.0
008 721024s1960 nyu b 00000 eng u
010 |a  60016440  
035 |a (OCoLC)00475793 
035 |9 AAG7120AM 
040 |c WSU  |d TXA  |d UtOrBLW 
049 |a TXAM  |c [329389] 
050 0 |a E815  |b .S35 
092 |a 329.8  |b S352h 
100 1 |a Schmidt, Karl M.,  |d 1917-2008. 
245 1 0 |a Henry A. Wallace, quixotic crusade 1948. 
264 1 |a [Syracuse] :  |b Syracuse University Press,  |c 1960. 
300 |a 362 pages 
336 |a text  |b txt  |2 rdacontent 
337 |a unmediated  |b n  |2 rdamedia 
338 |a volume  |b nc  |2 rdacarrier 
490 1 |a Men and movements series 
504 |a Includes bibliography. 
600 1 0 |a Wallace, Henry A.  |q (Henry Agard),  |d 1888-1965. 
610 2 0 |a Progressive Party (U.S. : 1948) 
650 0 |a Presidents  |z United States  |x Election  |y 1948. 
830 0 |a Men and movements (Syracuse) 
999 |a MARS 
999 f f |s b450c8d6-1dc1-3466-9472-29adbf56adfc  |i ebcd8906-6029-31f3-bf57-7e2549aedaf6  |t 0 
952 f f |p normal  |a Texas A&M University  |b College Station  |c Sterling C. Evans Library  |d Evans: Library Stacks  |t 0  |e E815 .S35  |h Library of Congress classification  |i unmediated -- volume  |m A14800684209 
998 f f |a E815 .S35  |t 0  |l Evans: Library Stacks